[Event "27th Seacost Trophy 2017"]
[Site "Eforie Nord"]
[Date "2017.06.26"]
[Round "8"]
[White "Manolache, Marius"]
[Black "Istratescu, Andrei"]
[Result "0-1"]
[WhiteElo "2507"]
[BlackElo "2593"]
[Annotator "TA"]
[PlyCount "96"]
[EventDate "2017.??.??"]
[EventType "swiss"]
[EventCountry "ROU"]
[SourceTitle "playchess.com"]
[Source "ChessBase"]
[SourceQuality "1"]

{[%evp 16,96,27,20,80,66,79,82,77,97,100,97,98,91,97,116,107,62,19,36,40,26,175,142,160,150,166,210,192,118,117,100,106,87,168,178,186,180,177,179,237,241,235,224,230,207,178,193,244,227,273,285,275,51,35,48,55,26,26,0,24,0,0,0,25,0,4,0,16,0,28,28,28,27,31,-787,-782,-790,-785,-785,-784,-745,-718]} 1. d4 e6 2. c4 Nf6 3. Nf3 d5 4. Nc3 dxc4 5. e3 a6 6. a4 b6 {D24: Queen's Gambit Accepted: 3 Nf3 Nf6 4 Nc3} (6... c5 7. Bxc4 Nc6 8. O-O Be7 9. Qe2 cxd4 10. Rd1 e5 11. exd4 exd4 12. Nxd4 Nxd4 13. Qe5 Qd6 14. Qxd4 Qxd4 15. Rxd4 Bc5 16. Rd1 O-O 17. h3 Be6 18. Bxe6 fxe6 19. Kf1 Nd5 20. f3 Nxc3 21. bxc3 Rac8 22. Rb1 b6 23. Re1 Rc6 {½-½ (31) Eljanov,P (2741)-Caruana,F (2813) Douglas 2016}) 7. Bxc4 Bb7 8. Qe2 c5 9. O-O {LiveBook: 24 Games} cxd4 (9... Qc7 $11) 10. exd4 $16 Be7 $1 11. Ne5 O-O 12. Nxf7 $146 ({Predecessor:} 12. Rd1 Qc7 13. Bg5 Nc6 14. Rac1 Nb4 15. Bb3 {½-½ (56) Avram,H-Bills,W Aspen 1968}) 12... Rxf7 13. Qxe6 Qe8 14. Re1 {Threatens to win with Qxe7.} Nc6 15. Bg5 $1 {[%cal Rg5f6]} Kf8 16. Bxf6 ({But not} 16. Qxf7+ Qxf7 17. Bxf7 Kxf7 $15) 16... Bxf6 17. Qf5 Ne7 $1 {[%cal Re7f5]} ({Wrong is} 17... Re7 $2 18. Rxe7 Nxe7 19. Qxh7 $18) 18. Qxh7 {Qh8+ is the strong threat.} Qc6 {[#]} (18... g6 $11 19. Bxf7 (19. Qxf7+ Qxf7 20. Bxf7 Kxf7 $14) 19... Qxf7 20. Qxf7+ Kxf7) 19. Bd5 $1 $18 {[%cal Rd5c6][%mdl 512]} Qxd5 {[%csl Gb7][%cal Rd5g2]} (19... Nxd5 20. Qh8#) 20. Qh8+ $40 {[%mdl 128] Black is in trouble.} Ng8 {[%csl Gb7][%cal Rd5g2]} 21. Nxd5 Bxd5 {[#]} 22. Qh5 (22. Qh3 $1 $18) 22... Rd8 23. Rac1 Rfd7 24. Qg4 Nh6 {[#]} (24... Ne7 $16 {was necessary.}) 25. Qh3 $1 Bb7 26. Qa3+ Kg8 27. Qb3+ Kh8 (27... Bd5 $142 28. Qxb6 Rd6) 28. Qxb6 Bxd4 29. Qb3 Bd5 30. Qh3 Rf7 31. Re2 Bb7 (31... Rf5 {keeps fighting.} 32. Rd2 Bb6) 32. Rd2 Rd6 33. Qh4 Bf6 34. Qxh6+ $2 ({White should play} 34. Qb4 $18 Re6 35. Rcd1) 34... gxh6 $14 35. Rxd6 Bxb2 36. Rb1 Bg7 $1 37. Rdb6 Be4 38. Re1 Bb7 {And now ...Bd4 would win.} 39. Reb1 Be4 40. R1b4 Bd3 41. Rd6 Rc7 {[%cal Rc7c1]} 42. f3 Rc1+ 43. Kf2 Rc2+ 44. Ke3 Bf1 45. g4 $2 {[%mdl 8192]} (45. Rd8+ $14 Kh7 46. g4) 45... Re2+ $19 {Black is clearly winning.} 46. Kf4 Be5+ 47. Kf5 Bxd6 48. Rb6 Bf8 {Precision: White = 57%, Black = 52%.} 0-1

[Event "27th Seacost Trophy 2017"]
[Site "Eforie Nord"]
[Date "2017.06.26"]
[Round "8"]
[White "Murariu, Andrei"]
[Black "Kharitonov, Alexandr"]
[Result "1/2-1/2"]
[WhiteElo "2504"]
[BlackElo "2547"]
[Annotator "TA"]
[PlyCount "36"]
[EventDate "2017.??.??"]
[EventType "swiss"]
[EventCountry "ROU"]
[SourceTitle "playchess.com"]
[Source "ChessBase"]
[SourceQuality "1"]

{[%evp 17,20,0,-12,0,25]} 1. e4 c6 2. d4 d5 3. Nc3 dxe4 4. Nxe4 Bf5 5. Ng3 Bg6 6. Bc4 e6 7. N1e2 Nf6 8. Nf4 Bd6 9. Bb3 Qc7 10. Qf3 {B18: Classical Caro-Kann: 4...Bf5 sidelines} Nbd7 {Predecessor:} 11. O-O $146 O-O-O 12. c3 Kb8 13. Re1 e5 14. Nxg6 fxg6 15. Be3 Rhf8 16. Qe2 exd4 17. Bxd4 c5 18. Bxf6 Nxf6 {½-½ (41) Tiviakov,S (2643)-Navara,D (2656) Reggio Emilia 2008} 1/2-1/2

[Event "27th Seacost Trophy 2017"]
[Site "Eforie Nord"]
[Date "2017.06.26"]
[Round "8"]
[White "Bulmaga, Irina"]
[Black "Fluerariu, Radu-Cristian"]
[Result "1-0"]
[WhiteElo "2415"]
[BlackElo "2034"]
[Annotator "TA"]
[PlyCount "119"]
[EventDate "2017.??.??"]
[EventType "swiss"]
[EventCountry "ROU"]
[SourceTitle "playchess.com"]
[Source "ChessBase"]
[SourceQuality "1"]

{[%evp 9,119,23,12,-10,-17,-10,-10,-15,-13,-22,-20,-30,-30,-28,-16,-25,0,0,14,10,28,17,22,8,47,20,48,37,50,33,62,33,40,29,55,39,47,20,27,20,20,20,20,20,25,25,25,25,25,25,25,25,31,28,28,0,31,28,38,33,44,31,79,44,45,41,49,61,61,61,89,61,72,61,119,123,138,137,137,81,84,0,39,39,60,39,57,64,64,53,39,0,0,0,0,0,0,0,0,0,0,0,0,0,0,0,29982,29983,29982,29983,29996,29997]} 1. e4 e6 2. d4 d5 3. Nc3 h6 4. Nf3 (4. e5 c5 5. dxc5 Nc6 6. Nf3 Bxc5 7. Bd3 a6 8. O-O Nge7 9. a3 Ba7 10. h3 O-O 11. Bf4 f5 {0-1 (21) Pichot,A (2532)-Cordova,E (2602) San Salvador 2016}) 4... Nf6 5. Bd3 Bb4 {Hoping for ...dxe4.} 6. e5 {C10: French with 3 Nc3: Unusual Black 3rd moves and 3...dxe4} Ne4 7. Bd2 Bxc3 8. bxc3 {The position is equal.} c5 {[%cal Bc7c5,Bc5c4][%mdl 32]} 9. O-O (9. dxc5 {is interesting.} Nxd2 10. Qxd2 Nd7 11. O-O Nxc5 12. Qe3) 9... Nxd2 10. Qxd2 c4 11. Be2 Nc6 12. Ne1 $146 O-O 13. f4 f5 14. exf6 Qxf6 15. g3 Bd7 16. Bg4 Rae8 17. Ng2 Ne7 18. Rae1 g6 19. Rf2 Kh7 20. Rfe2 {[%cal Rg4e6]} Nf5 21. Re5 Re7 22. Qe2 {And now Bxf5 would win.} (22. Bxf5 $5 gxf5 23. Nh4 $14) 22... Ref7 23. Ne3 (23. a4 $5) 23... Qd8 24. Qd2 (24. a4 $5) 24... b5 25. a3 Qa5 26. Ra1 Qb6 27. Bxf5 gxf5 28. Ng2 Rg7 29. Nh4 Qd6 30. Qe2 a6 31. Qh5 Be8 32. Qe2 (32. Qd1 {seems wilder.} Kg8 33. Qe1 Bf7 34. Nf3 a5 35. Kf2) 32... Bd7 33. Kf2 {[%cal Bg1f2,Bf2e2,Be2d2][%mdl 32]} Rb8 34. Nf3 Rf8 35. Re3 Bc8 36. Qf1 Bd7 37. Qh3 Rf6 38. Ke2 Kg8 39. Kd2 Be8 40. Ne5 Kh7 41. Qh4 Qe7 {[#]} ({Black should try} 41... Qf8 $14) 42. Rae1 $1 $16 Rf8 {Threatening ...Qxh4.} 43. Qh3 {aiming for Nc6!} Rf6 44. Nf3 (44. g4 $142 {Strongly threatening g5.} fxg4 45. Nxg4) 44... Bd7 45. Re5 (45. Qh4 $16) 45... Kg8 46. Ra1 Qf8 47. Re2 Qd6 48. Ne5 Be8 49. Rg2 Kh7 50. g4 fxg4 51. Rxg4 Rxg4 52. Qxg4 Qf8 53. Ke3 Qg7 54. h3 Qf8 55. Rg1 Rf5 56. Qg3 Rf6 57. Qh4 $40 {[%mdl 128] Black needs to defend precisely.} Qh8 $2 {[%mdl 8192] [#]} (57... a5 $11) 58. Ng4 $1 {White mates.} Rg6 59. Qe7+ Qg7 {[#]} 60. Nf6+ $1 {[%mdl 512] Precision: White = 70%, Black = 37%.} 1-0

[Event "27th Seacost Trophy 2017"]
[Site "Eforie Nord"]
[Date "2017.06.26"]
[Round "8"]
[White "Peptan, Corina-Isabela"]
[Black "Nanu, Costica-Ciprian"]
[Result "1/2-1/2"]
[WhiteElo "2403"]
[BlackElo "2509"]
[Annotator "TA"]
[PlyCount "25"]
[EventDate "2017.??.??"]
[EventType "swiss"]
[EventCountry "ROU"]
[SourceTitle "playchess.com"]
[Source "ChessBase"]
[SourceQuality "1"]

{[%evp 17,25,0,10,-12,-10,-55,-47,-49,-25,-26]} 1. d4 d5 2. c4 dxc4 3. e3 Nf6 4. Bxc4 e6 5. Nf3 a6 6. O-O Nbd7 7. Qe2 b5 8. Bb3 Bb7 9. Rd1 c5 10. dxc5 {D29: Queen's Gambit Accepted: Classical main line: 7 Qe2 with early ...Nbd7} (10. Nc3 Qc7 11. Ne5 Be7 12. f4 Qb6 13. a4 b4 14. a5 Qc7 15. Na4 O-O 16. Bd2 cxd4 17. Rdc1 Qd6 18. Nxd7 Nxd7 {0-1 (34) Salem,A (2511)-Ganguly,S (2643) Dubai 2011}) 10... Bxc5 11. Nc3 O-O 12. Bd2 Rc8 $146 ({Predecessor:} 12... Qc7 13. Be1 Rfd8 14. h3 Ne5 15. Nxe5 Qxe5 16. Rxd8+ Rxd8 17. Rd1 Rxd1 18. Qxd1 {1-0 (25) Ciesla,D (1071)-Trevis,R (794) LSS email 2010}) 13. Rac1 1/2-1/2

[Event "27th Seacost Trophy 2017"]
[Site "Eforie Nord"]
[Date "2017.06.26"]
[Round "8"]
[White "Soltanici, Ruslan"]
[Black "Tseitline, Semen"]
[Result "1-0"]
[WhiteElo "2393"]
[BlackElo "2025"]
[Annotator "TA"]
[PlyCount "71"]
[EventDate "2017.??.??"]
[EventType "swiss"]
[EventCountry "ROU"]
[SourceTitle "playchess.com"]
[Source "ChessBase"]
[SourceQuality "1"]

{[%evp 20,71,60,59,70,73,62,34,48,49,43,43,47,47,39,42,34,45,45,49,62,63,80,79,91,97,141,154,172,154,242,165,169,163,153,136,147,143,184,103,200,180,553,539,547,545,588,533,724,726,716,647,1197,1115]} 1. e4 d6 2. d4 Nf6 3. Nc3 g6 4. f4 Bg7 5. Nf3 O-O 6. Bd3 Nc6 7. e5 dxe5 8. fxe5 Nd5 9. Nxd5 Qxd5 10. c3 Bg4 11. Qe2 {LiveBook: 4 Games. B09: Pirc Defence: Austrian Attack} Bxf3 (11... Rad8 12. Be4 Qd7 13. Be3 f6 14. O-O-O fxe5 15. Qc4+ Kh8 16. dxe5 Nxe5 17. Nxe5 Qxd1+ 18. Rxd1 Rxd1+ {1-0 (50) Karjakin,S (2785)-Van Wely,L (2695) Wijk aan Zee 2017}) 12. gxf3 e6 $146 ({Predecessor:} 12... Qa5 13. Bd2 e6 14. h4 h5 15. Be4 Qa4 16. Bg5 a6 17. Qd3 Rfe8 18. Rh2 Rab8 19. Bxg6 fxg6 20. Qxg6 Ne7 21. Qxe6+ Kh7 22. Bxe7 Rh8 23. Rg2 Rbe8 24. Qg6+ {1-0 (24) Reis,C (2419)-Lucas,K (1787) ICCF email 2010}) 13. Be3 {White is slightly better.} Ne7 14. Be4 Qa5 15. Bxb7 Rab8 16. Be4 Nd5 17. Bxd5 Qxd5 18. O-O $36 {[%mdl 2048] White is pushing.} f6 19. c4 Qb7 20. exf6 Bxf6 21. b3 Rbe8 22. Rad1 e5 23. d5 e4 24. f4 a5 (24... Bg7 $16 25. c5 Rf7) 25. c5 {[%cal Bc4c5,Bc5d6,Bd6d7][%mdl 32]} Qc8 26. d6 cxd6 27. cxd6 {[#] Hoping for d7.} Qd7 28. Rd5 Rc8 29. Rfd1 (29. f5 $18) 29... Bc3 (29... Bd8 $16 {was called for.} 30. Kh1 Rf5) 30. Qg2 Qe6 $2 (30... Bb4 31. Qxe4 Rfe8) 31. d7 $18 {White is clearly winning.} Rcd8 32. Rd6 Qe7 33. Qg5 Bf6 34. Qd5+ Kg7 35. Bc5 Rf7 {[#]} 36. Rxf6 $1 {[%mdl 512] Precision: White = 69%, Black = 35%.} 1-0

[Event "27th Seacost Trophy 2017"]
[Site "Eforie Nord"]
[Date "2017.06.26"]
[Round "8"]
[White "Ileana, George"]
[Black "Vasiliu, Cosmin"]
[Result "1-0"]
[WhiteElo "2212"]
[BlackElo "2016"]
[Annotator "TA"]
[PlyCount "81"]
[EventDate "2017.??.??"]
[EventType "swiss"]
[EventCountry "ROU"]
[SourceTitle "playchess.com"]
[Source "ChessBase"]
[SourceQuality "1"]

{[%evp 16,81,38,25,47,22,76,33,60,63,85,90,168,81,79,72,83,94,102,93,95,107,82,65,75,48,63,22,80,91,93,94,100,87,230,238,214,237,220,233,224,209,210,204,206,218,221,206,193,186,370,380,369,360,356,369,370,366,424,418,453,433,573,558,712,706,29992,29993]} 1. e4 d6 2. d4 g6 3. Nf3 Bg7 4. Bc4 Nf6 5. Nc3 c6 6. a4 O-O 7. O-O Qc7 8. h3 Nbd7 9. Qe2 e5 {B08: Pirc Defence: Classical System} 10. dxe5 dxe5 (10... Nxe5 $11 11. Nxe5 dxe5) (10... Nxe5 11. Nxe5 dxe5 12. Be3 b6 13. Rfd1 {1-0 (23) Barbosa,O (2556)-Pascua,H (2386) Ho Chi Minh City 2013}) 11. a5 Nh5 {White is slightly better.} 12. Be3 $146 ({Predecessor:} 12. g3 Nc5 13. Be3 Qe7 14. Kh2 Nf6 15. Nd2 Rd8 16. Rfd1 Nfd7 17. Nb3 {1-0 (51) Esquivia Cuadrado,F (1963)-Versosa Bravo,J (1965) Cali 2011}) 12... h6 13. Qd2 Kh7 (13... Nf4 $16) 14. Nh2 (14. Bb3 $18) 14... Nf4 15. Rfd1 f5 16. Qd6 Qxd6 17. Rxd6 Rf6 18. Rd2 Ne6 19. f3 Bf8 20. exf5 gxf5 21. Ne2 Ndc5 (21... Rg6 $1 $11 {keeps the balance.}) 22. b4 $36 {[%mdl 2048] White has strong initiative.} Na6 23. c3 Nac7 24. Bf2 b5 (24... Rg6 $16 {was worth a try.}) 25. axb6 $18 axb6 26. Rxa8 Nxa8 {[#]} 27. Bg3 $1 {[%cal Rg3e5]} Rf7 28. Bxe5 b5 29. Bb3 c5 30. Nf4 c4 31. Bc2 Nxf4 32. Bxf4 Bg7 $2 {[#]} (32... Nb6 {might work better.} 33. Ng4 Bg7) 33. Rd8 Nb6 34. Be3 Bf6 35. Bxb6 Bxd8 36. Bxd8 Kg7 37. Bb6 Kf6 38. Kf2 f4 39. Ng4+ Bxg4 40. fxg4 Kg5 41. Bd8+ {Precision: White = 66%, Black = 40%.} 1-0

[Event "27th Seacost Trophy 2017"]
[Site "Eforie Nord"]
[Date "2017.06.26"]
[Round "8"]
[White "Schitco, Ivan"]
[Black "Nevednichy, Vladislav"]
[Result "1/2-1/2"]
[WhiteElo "2091"]
[BlackElo "2533"]
[Annotator "TA"]
[PlyCount "67"]
[EventDate "2017.??.??"]
[EventType "swiss"]
[EventCountry "ROU"]
[SourceTitle "playchess.com"]
[Source "ChessBase"]
[SourceQuality "1"]

{[%evp 16,67,60,41,46,51,81,40,49,47,82,60,60,41,65,28,39,22,79,71,70,47,42,70,50,63,51,35,38,29,28,16,26,0,0,-16,0,0,0,0,8,12,12,12,12,12,14,20,16,12,11,12,56,0]} 1. d4 g6 2. e4 Bg7 3. Nf3 d6 4. c3 Nf6 5. Bd3 O-O 6. O-O Nc6 7. h3 e5 8. Re1 h6 9. a3 {LiveBook: 6 Games. B07: Pirc Defence: Miscellaneous Systems} (9. Nbd2 Nh5 10. dxe5 dxe5 11. Bf1 Qe7 12. Nc4 Be6 13. b3 Rfd8 14. Qc2 Nf4 15. a4 a5 16. Ba3 Qf6 {½-½ (57) Kamsky,G (2721)-Nepomniachtchi,I (2721) Beijing 2013}) 9... Nh5 {[%cal Re5d4]} 10. Be3 Kh8 $146 ({Predecessor:} 10... Qf6 11. Nbd2 Nf4 12. Bf1 g5 13. Bxf4 Qxf4 14. d5 Ne7 15. Nh2 Qf6 16. Be2 Qg6 17. h4 f5 18. exf5 Nxf5 19. Ne4 a5 20. Nf1 b6 21. Nfg3 Nxh4 22. c4 Rf4 23. Qc2 a4 {½-½ (23) Loncar,R (2380)-Jovanovic,Z (2529) Hum na Sutli 2013}) 11. Bf1 {White is better.} a5 12. Nbd2 Nf4 13. Bxf4 (13. Qc2 {seems wilder.} g5 14. Rad1 Kg8 15. dxe5 dxe5 16. Bb5) 13... exf4 14. Nc4 g5 15. d5 Ne7 16. Nd4 c6 (16... Re8 $11) 17. dxc6 $16 bxc6 18. Nf3 (18. e5 $5 {[%cal Re5d6]} d5 19. Nd6 $14) 18... d5 19. exd5 cxd5 20. Nce5 Qd6 21. c4 Be6 22. Qd2 Rfd8 23. Rad1 Qc7 {[%cal Rd5c4]} 24. cxd5 (24. c5 $5) 24... Rxd5 25. Qe2 Rxd1 26. Qxd1 Rb8 27. Qa4 Kg8 28. b4 axb4 29. axb4 h5 {[#] And now ...g4 would win.} 30. Qa5 Nd5 31. Qxc7 Nxc7 32. Nxg5 Rxb4 33. Nd3 Rd4 34. Re4 {Precision: White = 59%, Black = 47%.} ({Better is} 34. Rc1 $14 Bh6 35. Nxf7 (35. Rxc7 Bxg5 36. Rc5 f6 $11) (35. Nxe6 Nxe6 36. Nc5 Bf8 $11) 35... Bxf7 36. Rxc7) 1/2-1/2

[Event "27th Seacost Trophy 2017"]
[Site "Eforie Nord"]
[Date "2017.06.26"]
[Round "8"]
[White "Ceres, Dragos"]
[Black "Bonte, Andrei-Mihai"]
[Result "0-1"]
[WhiteElo "2002"]
[BlackElo "2310"]
[Annotator "TA"]
[PlyCount "104"]
[EventDate "2017.??.??"]
[EventType "swiss"]
[EventCountry "ROU"]
[SourceTitle "playchess.com"]
[Source "ChessBase"]
[SourceQuality "1"]

{[%evp 19,104,19,20,0,0,-6,-6,-16,-8,-8,-13,-21,-21,-21,-23,-20,0,0,0,0,0,0,-1,0,0,-10,0,-18,0,0,0,-62,-85,-81,-73,-54,-54,-70,-69,-74,-81,-88,-80,-289,-236,-311,-141,-247,-259,-210,-228,-279,-279,-357,0,-288,-254,-270,-44,0,0,-43,-47,-496,-502,-469,-468,-368,-473,-493,-487,-472,-449,-441,-406,-390,-366,-462,-447,-499,-497,-532,-664,-694,-664,-12842,-12842]} 1. e4 e6 2. d4 d5 3. Nc3 dxe4 4. Nxe4 Nd7 5. Nf3 Ngf6 6. Bd3 c5 7. Nxf6+ Nxf6 8. c3 cxd4 9. Nxd4 Bc5 10. O-O Bxd4 {LiveBook: 8 Games. C10: French with 3 Nc3: Unusual Black 3rd moves and 3...dxe4} 11. cxd4 Bd7 12. Be3 $146 ({Predecessor:} 12. Bg5 Bc6 13. Bxf6 Qxf6 14. Be2 Rd8 15. Bf3 Bxf3 16. Qxf3 Qxf3 17. gxf3 Rxd4 18. Rfd1 Rd2 19. Rxd2 {1-0 (19) Gallegos,C (2452)-Bareev,E (2711) playchess.com INT 2004}) 12... Bc6 {The position is equal.} 13. Qe2 O-O 14. a3 Rc8 15. Rad1 Qd5 {[%csl Gc6][%cal Rd5g2]} 16. f3 a6 17. Rc1 Bb5 18. Bxb5 Qxb5 19. Qxb5 axb5 20. Rc5 Nd5 $36 {[%mdl 2048] And now ...Rxc5 would win. Black is pushing.} 21. Rxc8 Rxc8 22. Rc1 Rxc1+ 23. Bxc1 $11 {[%mdl 4096] Endgame KB-KN} b4 24. a4 b3 25. Bd2 (25. a5 $11) 25... Nb6 $15 26. a5 Nc4 27. Bc3 Kf8 28. Kf2 Ke7 29. Ke2 Kd6 30. Kd3 Kd5 31. g4 $2 (31. h4 $17) 31... g5 $1 $19 32. Ke2 Nd6 (32... f6 $19 {is more deadly.} 33. Kf1 Nd6) 33. Bd2 {[#]} (33. Bb4 $17 {was called for.}) 33... f6 $1 34. Kd3 Nc4 35. Bc3 {[#]} f5 $1 {[%cal Rf5f4]} 36. h3 h6 $2 (36... f4 $19 {White must now prevent ...Nd6.} 37. Ke2 Ne3) 37. Bb4 $2 {[%mdl 8192]} (37. Ke2 $11) 37... Nxb2+ 38. Kc3 Nd1+ $2 ({Black should play} 38... Nc4 $19 39. Kxb3 Kxd4) 39. Kxb3 $15 Nf2 40. Bf8 Nxh3 {Hoping for ...Ng1.} 41. Kb4 $2 {[%mdl 8192]} (41. Bxh6 $15 Ng1 42. gxf5 exf5 43. Bxg5) 41... Ng1 $19 42. Kb5 Nxf3 43. Kb6 fxg4 {aiming for ...g3.} 44. Kxb7 {a6 is the strong threat.} g3 45. a6 g2 46. a7 g1=Q 47. a8=Q Nxd4 48. Kc7+ Ke5 {Black is clearly winning.} 49. Bg7+ Kf4 50. Qa4 e5 51. Kd6 Qe3 52. Bxh6 Qh3 {Precision: White = 26%, Black = 71%.} 0-1

[Event "27th Seacost Trophy 2017"]
[Site "Eforie Nord"]
[Date "2017.06.26"]
[Round "8"]
[White "Stoian, Cristian-Georgian"]
[Black "Petre, Nad-Titus"]
[Result "0-1"]
[WhiteElo "1802"]
[BlackElo "2334"]
[Annotator "TA"]
[PlyCount "146"]
[EventDate "2017.??.??"]
[EventType "swiss"]
[EventCountry "ROU"]
[SourceTitle "playchess.com"]
[Source "ChessBase"]
[SourceQuality "1"]

{[%evp 11,146,0,20,1,58,15,57,39,50,47,49,39,54,8,8,8,14,14,14,14,12,12,18,17,18,8,6,7,0,5,20,20,20,17,16,0,0,0,26,17,23,-52,-41,-33,-44,-197,-73,-374,-339,-404,-273,-438,-354,-366,-366,-346,-380,-381,-382,-385,-321,-368,-380,-412,-339,-365,-392,-388,-377,-403,-209,-476,-464,-472,-474,-450,-240,-216,0,-41,-44,-213,0,0,0,-118,-113,-127,-122,-126,-97,-138,-157,-137,-145,-292,-158,-226,0,-299,-272,-316,-315,-292,-308,-318,-280,-433,-445,-558,-514,-520,-510,-496,-364,-452,-424,-1299,-134,-461,-251,-224,0,-571,-372,-445,-408,-655,-659,-640,-605,-644,-608,-1531,-681,-12844,-12844]} 1. e4 e6 2. d4 d5 3. Nc3 Bb4 4. e5 b6 5. Qg4 Bf8 6. f4 Ne7 {LiveBook: 3 Games. C16: French: 3 Nc3 Bb4 4 e5: Lines without ...c5} 7. Be3 (7. Bd3 Ba6 8. Bxa6 Nxa6 9. Qe2 Nb4 10. a3 Nbc6 11. Nf3 Nf5 12. Be3 h5 13. O-O Qd7 14. Bf2 {½-½ (46) Arjun,K (2269)-Malakhatko,V (2514) Chennai 2017}) 7... Qd7 (7... c5 $11) 8. Nf3 $146 ({Predecessor:} 8. Qf3 h5 9. g3 Ba6 10. Nge2 Nbc6 11. a3 Na5 12. h3 Nc4 13. Bc1 O-O-O 14. g4 {1-0 (51) Hiermann,D (2227)-Martin,T (2309) Germany 2006}) 8... Nbc6 {The position is equal.} 9. Bf2 Bb7 10. O-O-O O-O-O 11. Kb1 Kb8 12. Nd2 Nf5 13. Nb3 Bb4 (13... h5 $5 {[%cal Rh5g4]} 14. Qf3 g6 $11) 14. Qf3 h5 15. a3 Be7 16. Bd3 g6 17. g3 f6 18. h3 {Threatens to win with g4.} fxe5 19. fxe5 Rdf8 20. Qg2 Qe8 21. Ne2 Nd8 22. Rdf1 g5 23. g4 hxg4 24. hxg4 {Strongly threatening Rxh8.} Rxh1 (24... Nh4 {keeps more tension.} 25. Qg3 Rf3 26. Qg1 Rhf8 27. Nc3 Rxd3 28. cxd3 Ba6) 25. Qxh1 Nh4 26. Bxh4 (26. Ng3 $11) 26... gxh4 27. Nf4 c5 28. Rf3 $2 ({White should try} 28. dxc5 $15 bxc5 29. Be2) 28... Rg8 (28... c4 $19 {and Black stays clearly on top.} 29. Bg6 Qa4) 29. Bh7 $2 {[%mdl 8192]} (29. dxc5 $17 {is a better chance.} bxc5 30. Na5) 29... Rxg4 $19 30. Qh3 Rg1+ 31. Rf1 $2 (31. Nc1 {only move.}) 31... Rg3 32. Qh2 Rg7 33. Bg6 Rxg6 34. Nxg6 Qxg6 35. Rg1 Qe8 36. Qf4 Qh8 37. Qg4 Bc8 38. dxc5 Qxe5 ({Don't play} 38... bxc5 39. Qg7 $19) 39. cxb6 axb6 40. Nd4 Qc7 (40... Qf6 $142 41. Nb5 Qf2) 41. Nf3 $2 (41. Qg7 {was called for.}) 41... e5 {[%cal Be6e5,Be5e4][%mdl 32]} 42. Qh5 e4 43. Nd4 Qd6 (43... Bf6 $142 44. c3 h3) 44. Rg6 Qd7 $2 ({Black should play} 44... Qc5 $1 $19 {[%cal Rc5d4]} 45. Qe5+ Qc7 46. Rxb6+ Bb7 47. Rxb7+ Kxb7 48. Qxd5+ Nc6 49. Qxe4 Bf6) 45. Rxb6+ Bb7 {And now ...Bc5 would win.} 46. Qe5+ $2 (46. Rg6 $15) 46... Ka7 $2 (46... Qc7 $19 47. Rxb7+ Kxb7 48. Qxd5+ Kb8 49. Qb5+ Kc8) 47. Rg6 $1 $11 {[%cal Rg6g7] Rg7 is the strong threat.} Bc5 48. Nb3 (48. b4 $11 {remains equal.} Nf7 49. Qf6 Bxd4 50. Qxd4+ Ka8 51. Rg8+ Bc8 52. Qf6) 48... Nc6 $17 49. Qg5 Be7 50. Qe3+ Kb8 51. Qf4+ Qc7 52. Rg8+ Bc8 53. Qf1 (53. Qe3 $17) 53... Qb6 ({Better is} 53... Qd6 $19 54. Qb5+ Kc7) 54. Qf4+ (54. a4 $17) 54... Qc7 55. Qf1 $1 {intending Qb5+.} Qd6 $1 56. Qf5 Bd8 57. Qf1 h3 {[%cal Bh4h3,Bh3h2][%mdl 32]} 58. Rh8 h2 59. Qg2 (59. Qb5+ {was worth a try.} Kc7 60. Qe2) 59... Bc7 $19 60. Qh3 Ne7 61. Qf1 Qb6 62. Ka2 Kb7 63. Rh7 Nf5 64. Qf4 {[#]} (64. Qe2 $142 h1=Q 65. Rxh1) 64... Bd7 $2 (64... h1=Q $1 $19 {has better winning chances.} 65. Qxc7+ (65. Rxh1 Bxf4) 65... Qxc7 66. Rxh1 Qxc2) 65. Qd2 $2 {[%mdl 8192]} (65. Rxd7 $17 Ng3 66. Qf8) 65... Be6 (65... d4 $142 66. Qg5 d3) 66. Qxh2 d4 $2 (66... Bg8 $19 {White must now prevent ...e3.} 67. Rxc7+ Qxc7) 67. Qe2 $2 {[%mdl 8192]} (67. Qe5 $1 $11 {and White has nothing to worry.} Bxb3+ 68. cxb3) 67... Nd6 68. Re7 {[#]} d3 $1 {[%mdl 512]} 69. Qd1 (69. Qe1 $142 Bd5 70. Ka1) (69. cxd3 Bxb3+) 69... Nf5 {Black is clearly winning.} 70. Rxe6 Qxe6 71. cxd3 {[#]} e3 $1 {[%cal Re3e2]} 72. Qf3+ Kb6 (72... Kb8 $142 73. Qe4 Qxe4 74. dxe4 e2) 73. a4 {[#]} Qxb3+ $1 {[%mdl 512] Precision: White = 27%, Black = 51%.} 0-1